Normal view
MARC view
- الالعاب الرياضية- تعلين
Entry Topical Term
001 - CONTROL NUMBER
- control field: 35369
003 - CONTROL NUMBER IDENTIFIER
- control field: JO-AjAnu
005 - DATE AND TIME OF LATEST TRANSACTION
- control field: 20230606075921.0
008 - FIXED-LENGTH DATA ELEMENTS
- fixed length control field: 230606|| aca||aabn | a|a d
040 ## - CATALOGING SOURCE
- Original cataloging agency: JO-AjAnu
- Transcribing agency: JO-AjAnu
150 ## - HEADING--TOPICAL TERM
- Topical term or geographic name entry element: الالعاب الرياضية- تعلين
670 ## - SOURCE DATA FOUND
- Source citation: Work cat.: (JO-AjAnu)18162: شحاتة، احمد ابراهيم، م.مشارك الشاذلي، احمد فؤاد, author 35368, طرق تعليم الألعاب الرياضية